Pokémon with Palindromes - Statistics

General Stats
  • This quiz has been taken 73 times
    52 since last reset
  • The average score is 121 of 308
Answer Stats
Palindrome Pokémon % Correct
AFA | GIRAFARIG | IRAFARI | RAFAR Girafarig
96%
EEVEE | EVE Eevee
92%
ALOMOMOLA | LOMOMOL | MOM | +2 others Alomomola
88%
ARIGIRA | FARIGIRAF | IGI | RIGIR Farigiraf
88%
HO-OH | O-O Ho-Oh
84%
KUMUK | UKU | UKUMUKU | UMU Pyukumuku
84%
DED | EDE | ENNE Dedenne
76%
AKA | AKATAKA | ATA | +2 others Stakataka
76%
AMA | ZAMAZ Zamazenta
76%
ELE Electabuzz
72%
ELE | IVI Electivire
72%
ELE Elekid
72%
O-O Jangmo-o
72%
AGA | ANA | NAGAN Naganadel
72%
O-O | OMMO Kommo-o
68%
IKI | PIKIP Pikipek
68%
INI | SINIS Sinistea
68%
OLO | OOLOO Wooloo
68%
BÉB | ÉBÉ Flabébé
64%
AKA | O-O Hakamo-o
64%
OKO Krookodile
64%
ALA | AMA | MALAM Malamar
64%
OLO | SIS | SOLOS Solosis
64%
IVI | VIV Vivillon
64%
CAC Cacnea
60%
CAC Cacturne
60%
DOD Doduo
60%
GIMMIG | IMMI Gimmighoul
60%
KOROK | OKO | ORO | ROKOR Krokorok
60%
ILLI | LIL | PUP Lillipup
60%
ATA | ATTA | TAT Rattata
60%
AKA | ALA | AZA Alakazam
56%
BIB Bibarel
56%
ARRA | CARRAC Carracosta
56%
DOD Dodrio
56%
ADA | NIN Nincada
56%
NIN Ninjask
56%
POP Popplio
56%
IMI | SIMIS Simisage
56%
IMI | SIMIS Simisear
56%
INI | SINIS Sinistcha
56%
INI Tapu Fini
56%
CYC Cyclizar
52%
ELE Electrode
52%
DEED | EDE | EEDEE Indeedee
52%
ILLI | LIL Lilligant
52%
IMI | MIM Mimikyu
52%
PIP Piplup
52%
EENEE | ENE Steenee
52%
ULU Tapu Bulu
52%
KOK | OKO Tapu Koko
52%
ELE | LEL Tapu Lele
52%
ETTE Floette
48%
AFA | AIA | IAI Grafaiai
48%
KAK Kakuna
48%
LIL Lileep
48%
IMI Simipour
48%
EYE Decidueye
44%
ADA Kadabra
44%
NOON Linoone
44%
ILI | LIL Petilil
44%
GIG | GIGIG | IGI Regigigas
44%
AVA Avalugg
40%
EHE | EYE Beheeyem
40%
ELE Eelektrik
40%
ELE Eelektross
40%
ALA Lunala
40%
NUN Minun
40%
OTTO Pidgeotto
40%
ERFRE | RFR Butterfree
36%
OZO Dondozo
36%
IPI | ITI Fezandipiti
36%
MIM Mime Jr.
36%
NIN Ninetales
36%
OMO Pheromosa
36%
OTO | TOT Totodile
36%
ADA | MADAM Wormadam
36%
ROR | URORU Aurorus
32%
ELE Electrike
32%
EXE Exeggcute
32%
EXE Exeggutor
32%
ALLA Gallade
32%
GOG | OGO Gogoat
32%
ENE | ERE Hatterene
32%
ANA Kartana
32%
TOT Kricketot
32%
MAM Mamoswine
32%
WTW Mewtwo
32%
MIM Mr. Mime
32%
URU Oranguru
32%
ARA Paras
32%
ARA Parasect
32%
IMI Passimian
32%
ELE Regieleki
32%
NON Toucannon
32%
ARRA Barraskewda
28%
ELE Celebi
28%
ELE Celesteela
28%
OCO Croconaw
28%
AKA Darumaka
28%
COC | OCO Fuecoco
28%
ELLE Gothitelle
28%
IDI Impidimp
28%
ARA Maractus
28%
LUL Morelull
28%
AVA Quaquaval
28%
UBBU Snubbull
28%
UFFU Stufful
28%
IRI | IZI Virizion
28%
OBBO Clobbopus
24%
OTTO Cottonee
24%
ARKRA | RKR Darkrai
24%
IBI Delibird
24%
IZZI Drizzile
24%
DUD | UDU Dudunsparce
24%
DUD Geodude
24%
GIG Gigalith
24%
EDE Greedent
24%
NIN Greninja
24%
ELE Inteleon
24%
ALA Komala
24%
DSD Mudsdale
24%
IHI Nihilego
24%
ORO Pangoro
24%
URU Purugly
24%
AVA Quilava
24%
EYE Sableye
24%
ALA Salazzle
24%
EDE Sizzlipede
24%
ELE Skeledirge
24%
ODO | OWO Sudowoodo
24%
IRI Tatsugiri
24%
ILLI Vanillish
24%
ILLI Vanillite
24%
EDE Venipede
24%
EBE Victreebel
24%
AMA Amaura
20%
ARA Araquanid
20%
NIN Arcanine
20%
ARA Barbaracle
20%
OSSO Bellossom
20%
ASA Bulbasaur
20%
ELE Charmeleon
20%
AJA Copperajah
20%
OGO Cryogonal
20%
RTR Dartrix
20%
INI Dratini
20%
ETE Eternatus
20%
ENNE Fennekin
20%
AGA Floragato
20%
ILLI Frillish
20%
RFR Furfrou
20%
ENE | ESE Genesect
20%
ELE Graveler
20%
T_T Great Tusk
20%
AMA Hariyama
20%
ARRA Karrablast
20%
ANA Manaphy
20%
ADA | ARA Meowscarada
20%
RGR Morgrem
20%
PUP Pupitar
20%
OTO Rotom
20%
EDE Scolipede
20%
ILI Silicobra
20%
ARA Spinarak
20%
TIT Sprigatito
20%
APA Terapagos
20%
URU Thundurus
20%
ORO Vigoroth
20%
EDE Whirlipede
20%
TIT Cetitan
16%
TOT Chatot
16%
ESSE Cresselia
16%
AGA Dragapult
16%
IGI Frigibax
16%
OPO | POP Hippopotas
16%
PIP Hoppip
16%
ILI Lickilicky
16%
OLO Ludicolo
16%
IRI Pachirisu
16%
ALA Palafin
16%
OBO Probopass
16%
AZA Rayquaza
16%
HYH Rhyhorn
16%
ALA Salamence
16%
ALA Salandit
16%
IGI Sigilyph
16%
IRI Spiritomb
16%
ANNA Swanna
16%
ACA Torracat
16%
OMO Venomoth
16%
NON Venonat
16%
AVA Vibrava
16%
AMA Yamask
16%
IHI Annihilape
12%
OZO Arctozolt
12%
ETTE Banette
12%
ODO Bastiodon
12%
EWE Bewear
12%
OZO Dracozolt
12%
AVA Escavalier
12%
INI Finizen
12%
AVA Greavard
12%
ARA Gyarados
12%
ITI | TIT Meditite
12%
INI Minior
12%
RKR Murkrow
12%
VAV Revavroom
12%
ARA Staravia
12%
EDE Togedemaru
12%
EVE | NAN Trevenant
12%
ORO Zoroark
12%
ALA Bouffalant
8%
IVI | NIVIN Carnivine
8%
AGA Dragalge
8%
LAL Glalie
8%
OPO Golisopod
8%
UGU Iron Jugulis
8%
AVA Leavanny
8%
OLO Oinkologne
8%
ARA Staraptor
8%
ICI Toxtricity
8%
ODO Garbodor
4%
ODO Gastrodon
4%
INI Victini
4%
ANA Garganacl
0%
No matching quizzes found
Score Distribution
Percent of People with Each Score
Percentile by Number Answered
Your Score History
You have not taken this quiz since the last reset